000 00368 a2200169 4500
001 191238
020 _a978-852627660-4
040 _cMagnum
100 _aFuego, Andréa Del
240 1 0 _aIrmãs de pelúcia
_lpor
245 1 0 _aIrmãs de pelúcia
300 _a83
362 0 _a2010
440 1 _aScipione
697 _aLITERATURA INFANTO-JUVENIL
942 _cBK
999 _c191238
_d191238